Những nền văn minh thế giới

Сохранить в:
Библиографические подробности
Главный автор: Congshu, Shijie
Формат:
Язык:Undetermined
Опубликовано: Hà Nội Văn học 2004
Предметы:
Метки: Добавить метку
Нет меток, Требуется 1-ая метка записи!
Thư viện lưu trữ: Trung tâm Học liệu Trường Đại học Cần Thơ
LEADER 00521nam a2200193Ia 4500
001 CTU_91682
008 210402s9999 xx 000 0 und d
020 |c 62000 
082 |a 909 
082 |b C749 
100 |a Congshu, Shijie 
245 0 |a Những nền văn minh thế giới 
245 0 |c Shijie Congshu 
260 |a Hà Nội 
260 |b Văn học 
260 |c 2004 
650 |a World civilization,World history 
904 |i Năm 
980 |a Trung tâm Học liệu Trường Đại học Cần Thơ